OPERATING SYSTEMS (Record no. 216012)

MARC details
000 -LEADER
fixed length control field 00413nam a22001577a 4500
008 - FIXED-LENGTH DATA ELEMENTS--GENERAL INFORMATION
fixed length control field 250811b |||||||| |||| 00| 0 eng d
050 ## - LIBRARY OF CONGRESS CALL NUMBER
Classification number QA 76.6 .D34 2003
Item number C. 1
100 ## - MAIN ENTRY--PERSONAL NAME
Personal name DEITEL, H.M
245 ## - TITLE STATEMENT
Title OPERATING SYSTEMS
250 ## - EDITION STATEMENT
Edition statement 2ND EDITION
260 ## - PUBLICATION, DISTRIBUTION, ETC.
Place of publication, distribution, etc. BOSTON, INDIA
Name of publisher, distributor, etc. PEARSON EDUCATION
Date of publication, distribution, etc. 2003
300 ## - PHYSICAL DESCRIPTION
Extent XXVI,852 P., ILL:
500 ## - GENERAL NOTE
General note INCLUDES INDEX
942 ## - ADDED ENTRY ELEMENTS (KOHA)
Source of classification or shelving scheme Library of Congress Classification
Koha item type Long Loan Book
Holdings
Withdrawn status Lost status Source of classification or shelving scheme Damaged status Not for loan Collection Home library Current library Shelving location Date acquired Total checkouts Full call number Barcode Date last seen Copy number Price effective from Koha item type
    Library of Congress Classification     Science & Technology Kisii University Library Kisii University Library On Display 08/11/2025   QA 76.6 .D34 2003 000000021162 08/11/2025 C.1 08/11/2025 Long Loan Book